00905nam a2200229Ia 4500003000900000008004100009020001800050040001600068080001900084111007700103245021700180260005000397300001500447490003900462650002500501650001400526650002200540700002600562700002800588700002500616710003400641IN-BaIIA211028s9999 xx 000 0 eng d a0-7354-0336-8 cIIA Library a52(082.1)bGRA aX special Courses at the National ObservatorycBrazild2005 Sept. 26 -30 0aGraduate school in astronomybX special courses at the National Observatory held in Rio de Janeiro, Brazil, 26 - 30 September 2005cedited by Simone Daflon…[et al.]  aMelvillebAmerican Institute of Physicsc2006 axix, 169p. aAIP conference proceedings; v. 843 aAstronomy - congress aCosmology aPlanetary systems aAlcaniz, Jailson, ed. ade la Reza, Ramiro, ed. aTelles, Eduardo, ed. aAmerican Institute of Physics